Taylor Swift mystery lyrics #15 - Statistics

General Stats
  • This quiz has been taken 108 times
    80 since last reset
  • The average score is 195 of 247
Answer Stats
Answer % Correct
a
100%
I
100%
the
100%
The
100%
an
98%
you
98%
in
97%
it
97%
that
97%
was
97%
where
97%
And
95%
and
95%
me
95%
my
95%
to
95%
when
95%
your
95%
I'm
93%
on
92%
for
90%
if
90%
know
90%
but
89%
But
89%
like
89%
were
89%
is
85%
say
84%
win
84%
I'd
82%
I'll
82%
of
82%
face
79%
hand
79%
man
79%
night
79%
take
79%
That's
79%
that's
79%
willow
79%
look
77%
They
77%
from
75%
Life
75%
than
75%
as
72%
less
72%
more
72%
one
72%
right
72%
this
72%
Every
70%
follow
70%
known
70%
there
70%
time
70%
would've
70%
begging
69%
or
69%
plans
69%
again
67%
bent
67%
could
67%
never
67%
Yeah
67%
back
66%
thing
66%
wind
66%
Wreck
66%
out
64%
ship
64%
Wait
64%
water
64%
Wherever
64%
after
62%
come
62%
cut
62%
knife
62%
case
61%
meet
61%
open
61%
through
61%
dark
59%
shut
57%
stray
57%
Now
56%
ring
56%
stronger
56%
trophy
56%
champion
54%
Show
54%
signal
54%
trend
54%
gave
52%
rolled
52%
Rough
52%
should've
52%
90's
51%
Lost
51%
others
51%
priceless
51%
prize
51%
scars
51%
surface
51%
art
49%
mythical
49%
places
49%
wine
49%
work
49%
cheat
46%
count
46%
Head
46%
switch
44%
current
43%
feel
43%
Guess
39%
Hey
39%
bait
38%
sneaking
38%
pillow
36%
No matching quizzes found
Score Distribution
Percent of People with Each Score
Percentile by Number Answered
Your Score History
You have not taken this quiz since the last reset